000 00402nam a22001577a 4500
003 MPLRDC
005 20220104124147.0
008 210129b ||||| |||| 00| 0 eng d
082 _a490.7 XJB
100 _a小久保. 晴行
245 _a变色龙: 华侨经营成功术
_c黄渊源译
260 _a
_b现代工商出版社
_c
300 _b
650 _a商学总论
942 _cBK
_o490.7 XJB
999 _c17111
_d17101